Statistics for Rome by pictures

Click here to take the quiz!

General Stats

  • This quiz has been taken 48 times
  • The average score is 11 of 25

Answer Stats

Answer% Correct
Colosseum
98%
{Trevi} fountain
81%
Circus {Maximus}
74%
Pantheon
74%
Via {Appia}
70%
Forum
63%
Piazza {San Pietro}
63%
Castel {Sant'Angelo}
56%
Piazza {Navona}
51%
{Trajan} column
47%
Arch of {Constantine}
42%
Mouth of {Truth}
40%
Piazza {di Spagna}
40%
Campo {de' Fiori}
35%
Piazza {del Popolo}
30%
Statue of {Marcus Aurelius}
30%
Piazza {della Repubblica}
28%
Piazza {Venezia}
23%
Santa Maria in {Trastevere}
23%
Statue of {Garibaldi}
21%
Theater of {Marcellus}
21%
Via {Sacra}
19%
Ponte {Milvio}
9%
{Tiberine} island
9%
{Orange} garden
5%

Score Distribution

Percentile by Number Answered

Percent of People with Each Score

Your Score History

You have not taken this quiz